Name the largest country bordering by population(Asia) - Statistics

General Stats
  • This quiz has been taken 9 times
  • The average score is 21 of 40
Answer Stats
Hint Answer % Correct
China Afghanistan
88%
Myanmar Thailand
88%
Vietnam Cambodia
75%
Indonesia East Timor
75%
Pakistan Iran
75%
Indonesia Malaysia
75%
Turkey Armenia
63%
Turkey Azerbaijan
63%
India Bangladesh
63%
China Bhutan
63%
China India
63%
Iraq Jordan
63%
Iraq Kuwait
63%
China Mongolia
63%
China Myanmar
63%
China North Korea
63%
China Vietnam
63%
Turkey Georgia
50%
China Kazakhstan
50%
China Pakistan
50%
Turkey Syria
50%
China Tajikistan
50%
Malaysia Brunei
38%
India China
38%
Malaysia Indonesia
38%
Turkey Iraq
38%
Syria Israel
38%
China Kyrgyzstan
38%
China Laos
38%
Syria Lebanon
38%
China Nepal
38%
Saudi Arabia Oman
38%
Saudi Arabia Qatar
38%
Iraq Saudi Arabia
38%
North Korea South Korea
38%
Iraq Turkey
38%
Afghanistan Turkmenistan
38%
Saudi Arabia UAE
38%
Afghanistan Uzbekistan
38%
Saudi Arabia Yemen
38%
No matching quizzes found
Score Distribution
Percent of People with Each Score
Percentile by Number Answered
Your Score History
You have not taken this quiz